000 00509nam a22001937a 4500
005 20240706122704.0
008 240705b ||||| |||| 00| 0 eng d
040 _cAL
041 _aEnglish
082 _223
_a378
_bMANS
100 _aMangalore University
_9172821
245 _aSamsarga
260 _aMangalore
_bThe Chair in Christianity
_c2023
300 _a77 p.
_bPB
_c21x13.5 cm.
650 _aNEP
_9172752
650 _aJournal
_9172822
700 _aMANGALORE UNIVERSITY
_9172753
942 _2ddc
_cDB
999 _c231400
_d231400